La novela de la selva hispanoamericana (Registro nro. 15711)

Detalles MARC
000 -CABECERA
Longitud fija campo de control 00707nam a22002057a 4500
003 - IDENTIFICADOR DELl NÚMERO DE CONTROL
Identificador del número de control OSt
005 - FECHA Y HORA DE LA ÚLTIMA TRANSACCIÓN
Fecha y hora de la última transacción 20141205142728.0
008 - CÓDIGOS DE INFORMACIÓN DE LONGITUD FIJA
Códigos de información de longitud fija 141113b xxu||||| |||| 00| 0 eng d
040 ## - FUENTE DE LA CATALOGACIÓN
Centro transcriptor BMC
082 ## - NÚMERO DE LA CLASIFICACIÓN DECIMAL DEWEY
Númeroo de clasificación 863.4809
100 1# - PUNTO DE ACCESO PRINCIPAL-NOMBRE DE PERSONA
Nombre de persona León Hazera, Lydia de
245 13 - MENCIÓN DE TÍTULO
Título La novela de la selva hispanoamericana
Resto del título : nacimiento, desarrollo y transformación: estudio estilístico
Mención de responsabilidad, etc. Lydia de León Hazera
260 ## - PUBLICACIÓN, DISTRIBUCIÓN, ETC. (PIE DE IMPRENTA)
Lugar de publicación, distribución, etc. Bogotá
Nombre del editor, distribuidor, etc. Instituto Caro y Cuervo
Fecha de publicación, distribución, etc. 1971
300 ## - DESCRIPCIÓN FÍSICA
Extensión 288 p.
Dimensiones 23 cm
490 ## - MENCIÓN DE SERIE
Mención de serie Publicaciones del Instituto Caro y Cuervo
Designación de volumen o secuencia 29
500 ## - NOTA GENERAL
Nota general Índice: p. [287]-288
504 ## - NOTA DE BIBLIOGRAFÍA, ETC
Nota de bibliografía, etc. Bibliografía: p. 263-285
650 24 - PUNTO DE ACCESO ADICIONAL DE MATERIA - TÉRMINO DE MATERIA
9 (RLIN) 28335
Término de materia o nombre geográfico como elemento inicial Novela hispanoamericana
Subdivisión de materia general Historia y crítica
Subdivisión cronológica S. XX
942 ## - ENTRADA DE ELEMENTOS AGREGADOS (KOHA)
Fuente de clasificaión o esquema Dewey Decimal Classification
Koha [por defecto] tipo de item 1- Monografias
Existencias
Suprimido Perdido Fuente de clasificación o esquema Estropeado Restricciones de uso No para préstamo Código de colección Localización permanente Localización actual Localización en estanter&íacute;as Fecha adquisición Fuente de adquisición Número de inventario Préstamos totales Signatura completa Código de barras Fecha última consulta Fecha del precio de reemplazo Tipo de item de Koha
NULL NULL Dewey Decimal Classification NULL Prestable NULL NULL Biblioteca Miguel de Cervantes - UNICAES Biblioteca Miguel de Cervantes - UNICAES Sala Principal 29/07/2003 Donación - UNAV. 024652   863.4809 LEO nov 1025062 14/11/2014 14/11/2014 1- Monografias